| 000 | 00661nam a2200217 i 4500 | ||
|---|---|---|---|
| 001 | 92651 | ||
| 003 | ES-MaACL | ||
| 005 | 20250804072412.0 | ||
| 007 | t| | ||
| 008 | 050412s1983 sp ||||1| spa d | ||
| 020 | _a84-206-9982-9 | ||
| 080 | _a821.134.2-32"19" | ||
| 100 | 1 |
_aAyala, Francisco, _d1906-2009 _924111 |
|
| 245 | 1 | 3 |
_aLa cabeza del cordero / _cFrancisco Ayala. |
| 260 |
_aMadrid : _bAlianza Editorial, _c[1983] |
||
| 300 |
_a184 p. ; _c18 cm. |
||
| 490 | 1 |
_aEl libro de bolsillo. Literatura ; _v982 |
|
| 830 | 0 | 3 |
_aEl libro de bolsillo. _pLiteratura _v982 _9180913 |
| 852 |
_aES-MaACL _jE-10944 _bR.135801 |
||
| 999 |
_c92651 _d92651 |
||